LEADER 00865nam0-2200313---450- 001 990009800280403321 005 20131209121556.0 010 $a9781405115445 035 $a000980028 035 $aFED01000980028 035 $a(Aleph)000980028FED01 035 $a000980028 100 $a20131209d2006----km-y0itay50------ba 101 0 $aeng 102 $aUS 105 $aa-------001yy 200 1 $aPaleontological data analysis$fØyvind Hammer and David A. T. Harper 210 $aMalden$cBlackwell$d2006 215 $aXI, 351 p.$cill.$d24 cm 610 0 $aPaleontologia 700 1$aHammer,$bØyvind$0521628 701 1$aHarper,$bDavid A. T.$042291 801 0$aIT$bUNINA$gRICA$2UNIMARC 901 $aBK 912 $a990009800280403321 952 $aGM1 2013 0007$fGM1 959 $aGM1 996 $aPaleontological data analysis$9837027 997 $aUNINA LEADER 01577oam 2200433M 450 001 9910716181703321 005 20200213070905.2 035 $a(CKB)5470000002518295 035 $a(OCoLC)1065595854 035 $a(OCoLC)995470000002518295 035 $a(EXLCZ)995470000002518295 100 $a20071213d1926 ua 0 101 0 $aeng 135 $aurcn||||||||| 181 $ctxt$2rdacontent 182 $cc$2rdamedia 183 $acr$2rdacarrier 200 10$aObservance of Armistice Day. June 3, 1926. -- Referred to the House Calendar and ordered to be printed 210 1$a[Washington, D.C.] :$c[U.S. Government Printing Office],$d1926. 215 $a1 online resource (1 pages) 225 1 $aHouse report / 69th Congress, 1st session. House ;$vno. 1362 225 1 $a[United States congressional serial set] ;$v[serial no. 8537] 300 $aBatch processed record: Metadata reviewed, not verified. Some fields updated by batch processes. 300 $aFDLP item number not assigned. 606 $aAnniversaries 606 $aArmistice Day 606 $aWorld War, 1914-1918 608 $aLegislative materials.$2lcgft 615 0$aAnniversaries. 615 0$aArmistice Day. 615 0$aWorld War, 1914-1918. 701 $aStobbs$b George Russell$f1877-1966$pRepublican (MA)$01389115 801 0$bWYU 801 1$bWYU 801 2$bOCLCO 906 $aBOOK 912 $a9910716181703321 996 $aObservance of Armistice Day. June 3, 1926. -- Referred to the House Calendar and ordered to be printed$93440225 997 $aUNINA